Normal view MARC view
  • Educación a distancia

Entry Materia

Number of records used in: 441

001 - NÚMERO DE CONTROL DEL REGISTRO

  • campo de control: 7924

003 - IDENTIFICADOR DE NUMERO DE CONTROL

  • campo de control: UPN

005 - FECHA Y HORA DE LA ÚLTIMA TRANSACCIÓN

  • campo de control: 20240220113232.0

008 - DATOS DE LONGITUD FIJA

  • campo de control de longitud fija: 230329n||acnnnbabn | ana |d

035 ## - NÚMERO DE CONTROL DEL SISTEMA

  • Número de control del sistema: UPN10000007929

040 ## - FUENTE DE LA CATALOGACIÓN

  • Lengua de catalogación: SPA
  • Agencia de transcripción: UPN
  • Centro catalogador de origen: MX-MxUPN

046 ## - FECHAS CON CODIFICACIÓN ESPECIAL

  • Fecha final para contenidos agregados: 2022

053 #4 - NÚMERO CLASIFICADOR - BIBLIOTECA DEL CONGRESO (LC)

  • Elemento numérico de la clasificación - Número único o no. inicial del rango: LC5800

150 ## - ENCABEZAMIENTO - TEMÁTICO

  • Término de materia o nombre geográfico como elemento inicial: Educación a distancia

670 ## - FUENTE EN LA QUE SE LOCALIZARON DATOS

  • Cita de la fuente: LC
  • Información localizada: Distance education

680 ## - NOTA GENERAL CON DESPLIEGUE PÚBLICO

  • Texto explicativo: Aquí se asientan los trabajos generales sobre las diversas formas de los estudios guiados, usualmente en el campo de la educación de adultos apoyada por tutores y organizaciones que a la distancia establecen comunicación con los estudiantes vía escrita, audiovisual o a través de medios electrónicos

902 ## - CATALOGADOR

  • Catalogador: PN/220796